ICHP rent index . - March - December 1991. (Record no. 93658)

MARC details
000 -LEADER
fixed length control field 00788cam a2200277 4500
001 - CONTROL NUMBER
control field B3400
008 - FIXED-LENGTH DATA ELEMENTS--GENERAL INFORMATION
fixed length control field 090401t1991 xxu||||| |||| 00| 0 eng d
035 ## - SYSTEM CONTROL NUMBER
System control number (Sirsi) u55840
041 ## - LANGUAGE CODE
Language code of text/sound track or separate title eng
050 ## - LIBRARY OF CONGRESS CALL NUMBER
Classification number 333.337016
110 ## - MAIN ENTRY--CORPORATE NAME
Corporate name or jurisdiction name as entry element Hillier Parker Research
9 (RLIN) 2002
245 ## - TITLE STATEMENT
Title ICHP rent index . - March - December 1991.
260 ## - PUBLICATION, DISTRIBUTION, ETC.
Place of publication, distribution, etc. London
Name of publisher, distributor, etc. Hillier Parker May and Rowden
Date of publication, distribution, etc. 1991
300 ## - PHYSICAL DESCRIPTION
Extent 4 pt. ; 30cm.
350 ## - PRICE (NR) (BK AM CF MU VM SE) [OBSOLETE]
Price 0
520 ## - SUMMARY, ETC.
Summary, etc. Published quarterly. - Previously published as part of ICHP Property Market Indicators q.v.
650 ## - SUBJECT ADDED ENTRY--TOPICAL TERM
Topical term or geographic name entry element INDEXES
650 ## - SUBJECT ADDED ENTRY--TOPICAL TERM
Topical term or geographic name entry element INDUSTRIAL PROPERTY
650 ## - SUBJECT ADDED ENTRY--TOPICAL TERM
Topical term or geographic name entry element OFFICES
650 ## - SUBJECT ADDED ENTRY--TOPICAL TERM
Topical term or geographic name entry element PROPERTY MARKET INDICATORS
650 ## - SUBJECT ADDED ENTRY--TOPICAL TERM
Topical term or geographic name entry element RENT INDEX
650 ## - SUBJECT ADDED ENTRY--TOPICAL TERM
Topical term or geographic name entry element SHOPS
710 ## - ADDED ENTRY--CORPORATE NAME
Corporate name or jurisdiction name as entry element Investors Chronicle
9 (RLIN) 2657
942 ## - ADDED ENTRY ELEMENTS (KOHA)
Suppress in OPAC 0
948 ## - LOCAL PROCESSING INFORMATION (OCLC); SERIES PART DESIGNATOR (RLIN)
c (OCLC) 04/03/1997
Holdings
Withdrawn status Lost status Source of classification or shelving scheme Damaged status Not for loan Home library Current library Shelving location Date acquired Total Checkouts Full call number Barcode Date last seen Copy number Price effective from Koha item type Date last checked out
    Dewey Decimal Classification     London London Basement 16/09/1991   LIBRARY ANNEXE 30026922 06/08/2019 1 06/08/2019 Book  
    Dewey Decimal Classification     London London Basement 16/09/1991   LIBRARY ANNEXE 30026923 06/08/2019 2 06/08/2019 Reference material  
    Dewey Decimal Classification     London London Basement 16/09/1991   LIBRARY ANNEXE 30027330 06/08/2019 3 06/08/2019 Reference material  
    Dewey Decimal Classification     London London Basement 22/08/1991   LIBRARY ANNEXE 30027355 06/08/2019 4 06/08/2019 Reference material  
    Dewey Decimal Classification     London London Basement 10/12/1991   LIBRARY ANNEXE 30028717 06/08/2019 5 06/08/2019 Reference material  
    Dewey Decimal Classification     London London Property market reports 10/12/1991 1 LIBRARY ANNEXE 30028718 06/08/2019 6 06/08/2019 Book 27/10/1999